000 00441nam a2200181Ia 4500
001 16686
005 20260306170328.0
008 260306t2005||||xx |||||||||||||| ||und||
041 _aESP
082 _a349.1
_bS27
100 _aDe Savigny, M. F. C.
_eAUT
245 0 _aSistema del Derecho Romano actual
260 _c2005
300 _alxxxiii, 1882 páginas :
_c24 cm.
650 _aGEN
654 _aCDE
942 _cLIB
_dJUS
_fJUS
_2ddc
_n
999 _c16686
_d16686